[Event "6. Torneo Distrito Chamartin 2017"]
[Site "Madrid ESP"]
[Date "2017.09.08"]
[Round "7.25"]
[White "Martinez Pintor, Juan"]
[Black "Viñas Lopez, Carlos"]
[Result "0-1"]
[WhiteElo "1661"]
[BlackElo "1894"]
[PlyCount "78"]
[EventDate "2017.09.04"]
[EventType "swiss"]
[EventRounds "9"]
[EventCountry "ESP"]
[SourceTitle "Ajedrez en Madrid"]
[Source "lmi"]
[SourceDate "2017.09.04"]
[SourceVersion "1"]
[SourceVersionDate "2018.03.05"]
[SourceQuality "1"]

1. d4 Nf6 2. Bg5 e6 3. e4 c5 4. Bxf6 Qxf6 5. Nf3 cxd4 6. Qxd4 Qxd4 7. Nxd4 a6
8. Nb3 Nc6 9. c3 Be7 10. Be2 O-O 11. O-O d6 12. N1d2 b5 13. Nd4 Bb7 14. Nxc6
Bxc6 15. Bf3 Rfc8 16. Rfd1 a5 17. Nb3 e5 18. Rac1 Bd7 19. Nd2 Be6 20. Be2 Rab8
21. b3 a4 22. c4 axb3 23. axb3 b4 24. Ra1 Ra8 25. Nf3 g6 26. Ne1 Ra3 27. Rxa3
bxa3 28. Ra1 Rb8 29. Bd1 Ra8 30. Ra2 Bg5 31. Nd3 Bd2 32. Kf1 f5 33. Ke2 Bc3 34.
Ke3 Bd4+ 35. Ke2 fxe4 36. Nb4 Bb2 37. Ke3 Bf5 38. g4 Bc1+ 39. Ke2 Bxg4+ 0-1

[Event "6. Torneo Distrito Chamartin 2017"]
[Site "Madrid ESP"]
[Date "2017.09.08"]
[Round "7.26"]
[White "Fernandez Aransay, Fernando"]
[Black "De la Aldea Martin, Alvaro"]
[Result "1-0"]
[WhiteElo "1844"]
[BlackElo "1605"]
[PlyCount "69"]
[EventDate "2017.09.04"]
[EventType "swiss"]
[EventRounds "9"]
[EventCountry "ESP"]
[SourceTitle "Ajedrez en Madrid"]
[Source "lmi"]
[SourceDate "2017.09.04"]
[SourceVersion "1"]
[SourceVersionDate "2018.03.05"]
[SourceQuality "1"]

1. e4 e5 2. Nf3 Nc6 3. Bb5 Nf6 4. Bxc6 dxc6 5. Nc3 Bg4 6. d3 Bc5 7. h3 Bh5 8.
Be3 Bd4 9. Qd2 b5 10. g4 Bg6 11. Bxd4 exd4 12. Ne2 c5 13. O-O-O O-O 14. Ne5
Nxe4 15. dxe4 Bxe4 16. f3 Bb7 17. Rhf1 Qd5 18. Nd3 Qxa2 19. Qf4 Qa1+ 20. Kd2
Qa5+ 21. Kc1 b4 22. Qe5 b3 23. Qxc5 Qa1+ 24. Kd2 Qa4 25. Qb4 Qc6 26. Nxd4 Qh6+
27. f4 bxc2 28. Nxc2 Rab8 29. Rf2 Rfe8 30. Qc3 Qxh3 31. Ne5 Qh6 32. Qxc7 Be4
33. Qxf7+ Kh8 34. Qxe8+ Rxe8 35. Nf7+ 1-0

[Event "6. Torneo Distrito Chamartin 2017"]
[Site "Madrid ESP"]
[Date "2017.09.08"]
[Round "7.27"]
[White "Osuna Osuna, Francisco"]
[Black "Lizon Martinez, Santiago"]
[Result "0-1"]
[WhiteElo "1574"]
[BlackElo "1750"]
[PlyCount "46"]
[EventDate "2017.09.04"]
[EventType "swiss"]
[EventRounds "9"]
[EventCountry "ESP"]
[SourceTitle "Ajedrez en Madrid"]
[Source "lmi"]
[SourceDate "2017.09.04"]
[SourceVersion "1"]
[SourceVersionDate "2018.03.05"]
[SourceQuality "1"]

1. e4 c5 2. Nc3 a6 3. f4 e6 4. Nf3 d5 5. exd5 exd5 6. Qe2+ Be7 7. d3 Nf6 8. g3
O-O 9. Bg2 Nc6 10. O-O Bg4 11. Qf2 Bxf3 12. Bxf3 Nd4 13. Nd1 Nxf3+ 14. Qxf3 Qd7
15. b3 Rad8 16. Bb2 d4 17. Nf2 Nd5 18. Nd1 Bf6 19. Rc1 Rfe8 20. c3 dxc3 21.
Bxc3 Nxc3 22. Nxc3 Bxc3 23. Rxc3 Qd4+ 0-1

[Event "6. Torneo Distrito Chamartin 2017"]
[Site "Madrid ESP"]
[Date "2017.09.08"]
[Round "7.28"]
[White "Siu Burillo, Joaquin"]
[Black "Sanchez Rivero, Miguel"]
[Result "1-0"]
[WhiteElo "1542"]
[BlackElo "1716"]
[PlyCount "129"]
[EventDate "2017.09.04"]
[EventType "swiss"]
[EventRounds "9"]
[EventCountry "ESP"]
[SourceTitle "Ajedrez en Madrid"]
[Source "lmi"]
[SourceDate "2017.09.04"]
[SourceVersion "1"]
[SourceVersionDate "2018.03.05"]
[SourceQuality "1"]

1. d4 d5 2. Bf4 c5 3. e3 Nc6 4. Nf3 Qb6 5. b3 Bg4 6. Be2 cxd4 7. exd4 e6 8. c3
Nf6 9. Nbd2 Ba3 10. Qc2 Bf5 11. Bd3 Bxd3 12. Qxd3 Be7 13. O-O O-O 14. Qe2 Qa6
15. Qxa6 bxa6 16. Ne5 Nxe5 17. dxe5 Nh5 18. Be3 g6 19. c4 Rfd8 20. cxd5 Rxd5
21. Nc4 Ng7 22. g4 Ne8 23. Rfd1 Nc7 24. Rac1 Rxd1+ 25. Rxd1 Nd5 26. Bd4 Nb4 27.
a3 Nc6 28. Bc3 Rd8 29. Rxd8+ Bxd8 30. Kf1 Bg5 31. Ke2 Kf8 32. Kd3 Bf4 33. h4 h6
34. Ke4 g5 35. hxg5 hxg5 36. Bb2 Ke7 37. a4 Kd7 38. Ba3 Kc7 39. Bb2 Kd7 40. Bc3
Kc7 41. Nd6 f5+ 42. gxf5 exf5+ 43. Kxf5 Kd7 44. Nf7 Ne7+ 45. Kg4 Ng6 46. Nxg5
Bxe5 47. Bd2 Bd4 48. Be3 Bxe3 49. fxe3 Ne5+ 50. Kf5 Nd3 51. Ne4 Kc6 52. Nd2 Kd5
53. Kf6 Nc5 54. Ke7 a5 55. Kd8 Kc6 56. e4 Nd3 57. Nc4 Nc5 58. Nxa5+ Kd6 59.
Nc4+ Ke6 60. Nd2 Kd6 61. Kc8 a6 62. Kb8 Nd3 63. Kb7 Nb4 64. Kb6 Ke5 65. Ka5 1-0

[Event "6. Torneo Distrito Chamartin 2017"]
[Site "Madrid ESP"]
[Date "2017.09.08"]
[Round "7.29"]
[White "Callejo Hernanz, Jesus Maria"]
[Black "Yaniz Lana, Francisco Javier"]
[Result "1-0"]
[WhiteElo "1820"]
[BlackElo "1573"]
[PlyCount "39"]
[EventDate "2017.09.04"]
[EventType "swiss"]
[EventRounds "9"]
[EventCountry "ESP"]
[SourceTitle "Ajedrez en Madrid"]
[Source "lmi"]
[SourceDate "2017.09.04"]
[SourceVersion "1"]
[SourceVersionDate "2018.03.05"]
[SourceQuality "1"]

1. d4 d5 2. Nf3 c6 3. g3 Nf6 4. Bg2 Bf5 5. c4 e6 6. O-O Be7 7. Nc3 O-O 8. Nh4
Bg4 9. Qb3 Na6 10. Nf3 Ne4 11. a3 Rb8 12. Re1 b5 13. cxd5 exd5 14. Ne5 Bd7 15.
Nxe4 dxe4 16. Bxe4 Be6 17. Qd3 f5 18. Bg2 Bc4 19. Nxc4 bxc4 20. Qxc4+ 1-0

[Event "6. Torneo Distrito Chamartin 2017"]
[Site "Madrid ESP"]
[Date "2017.09.08"]
[Round "7.30"]
[White "Alameda Arellano, Cristeto"]
[Black "Perez Cameselle, Francisco Jose"]
[Result "0-1"]
[WhiteElo "1577"]
[BlackElo "1789"]
[PlyCount "72"]
[EventDate "2017.09.04"]
[EventType "swiss"]
[EventRounds "9"]
[EventCountry "ESP"]
[SourceTitle "Ajedrez en Madrid"]
[Source "lmi"]
[SourceDate "2017.09.04"]
[SourceVersion "1"]
[SourceVersionDate "2018.03.05"]
[SourceQuality "1"]

1. d4 Nf6 2. Bf4 e6 3. e3 Be7 4. Nd2 O-O 5. Ngf3 b6 6. h3 Bb7 7. Be2 c5 8. c3
d6 9. O-O Nbd7 10. a4 h6 11. Qb1 Rc8 12. a5 Qc7 13. axb6 axb6 14. e4 Ra8 15.
Qd3 Rfd8 16. Qe3 Rxa1 17. Rxa1 Ra8 18. Rxa8+ Bxa8 19. Bg3 Bc6 20. Bd3 Qa7 21.
Nc4 b5 22. Na3 b4 23. cxb4 cxb4 24. Nc4 Bb5 25. b3 Qa1+ 26. Kh2 Qc3 27. e5 dxe5
28. dxe5 Nd5 29. Qe4 g6 30. Bc2 Nc5 31. Qe1 Qxc2 32. Nd4 Qc3 33. Qxc3 Nxc3 34.
Nxb5 Nxb5 35. Bf4 g5 36. Bd2 Nxb3 0-1

[Event "6. Torneo Distrito Chamartin 2017"]
[Site "Madrid ESP"]
[Date "2017.09.08"]
[Round "7.32"]
[White "Serrera Sanchez Romo, Sergio"]
[Black "Ochoa Gonzalez, Hugo"]
[Result "1-0"]
[WhiteElo "1684"]
[BlackElo "1557"]
[PlyCount "93"]
[EventDate "2017.09.04"]
[EventType "swiss"]
[EventRounds "9"]
[EventCountry "ESP"]
[SourceTitle "Ajedrez en Madrid"]
[Source "lmi"]
[SourceDate "2017.09.04"]
[SourceVersion "1"]
[SourceVersionDate "2018.03.05"]
[SourceQuality "1"]

1. e4 c5 2. c4 e6 3. Nc3 a6 4. Nf3 Qc7 5. Be2 Nf6 6. O-O b6 7. d3 d6 8. a3 Nc6
9. Rb1 Rb8 10. b4 cxb4 11. axb4 b5 12. cxb5 axb5 13. Bd2 Be7 14. d4 Na7 15. Qb3
Nd7 16. Rfc1 Qb6 17. Be3 Qd8 18. d5 Nb6 19. Nxb5 Nxb5 20. Bxb5+ Nd7 21. Bc6
exd5 22. Ba7 O-O 23. Bxb8 dxe4 24. Bxd7 Bxd7 25. Bc7 Qa8 26. Nd4 Qa7 27. Qe3
Qb7 28. b5 h6 29. Qa3 Ra8 30. Qb3 Bf6 31. Qc4 d5 32. Qc5 Rc8 33. b6 Ra8 34. Ra1
Rxa1 35. Rxa1 Bxd4 36. Qxd4 Qc6 37. Rb1 Bc8 38. Qb2 Bb7 39. Rc1 Qg6 40. Qc2 Qf6
41. Qc5 Qg5 42. g3 Kh7 43. Bf4 Qf6 44. Qc7 g5 45. Be5 Qf5 46. Qxb7 Qxe5 47.
Qxf7+ 1-0

[Event "6. Torneo Distrito Chamartin 2017"]
[Site "Madrid ESP"]
[Date "2017.09.08"]
[Round "7.33"]
[White "Rodriguez Bachiller, Luis"]
[Black "Centeno Mateos, Domingo"]
[Result "1/2-1/2"]
[WhiteElo "1635"]
[BlackElo "1349"]
[PlyCount "126"]
[EventDate "2017.09.04"]
[EventType "swiss"]
[EventRounds "9"]
[EventCountry "ESP"]
[SourceTitle "Ajedrez en Madrid"]
[Source "lmi"]
[SourceDate "2017.09.04"]
[SourceVersion "1"]
[SourceVersionDate "2018.03.05"]
[SourceQuality "1"]

1. e4 c5 2. Nf3 d6 3. d4 cxd4 4. Nxd4 Nf6 5. Nc3 g6 6. Be2 Bg7 7. O-O O-O 8.
Kh1 Nc6 9. Be3 Bd7 10. Qd2 a6 11. Rad1 Qc7 12. f3 Rad8 13. g4 e5 14. Nb3 Be6
15. Na4 d5 16. Bb6 dxe4 17. Qc1 Rxd1 18. Rxd1 Qc8 19. g5 Nd7 20. fxe4 Nxb6 21.
Nxb6 Qc7 22. Na4 f5 23. gxf6 Rxf6 24. Nac5 b5 25. Nxe6 Rxe6 26. Nc5 Re8 27.
Nxa6 Qb6 28. c4 Nd4 29. cxb5 Nxe2 30. Qc4+ Kh8 31. Qxe2 h5 32. Nb4 Rf8 33. Rf1
Rxf1+ 34. Qxf1 Qd4 35. Qe1 Qxb2 36. b6 Bf8 37. Nd5 Bc5 38. Qf1 Kh7 39. Nf6+ Kg7
40. Ne8+ Kh6 41. b7 Ba7 42. Nd6 Qb6 43. Nf7+ Kg7 44. Nxe5 Qxb7 45. Qe2 Qb1+ 46.
Kg2 Qg1+ 47. Kh3 Bb8 48. Nxg6 Qxg6 49. Qg2 Qxg2+ 50. Kxg2 Kg6 51. h3 Kg5 52.
Kf3 Bd6 53. a4 Bc7 54. e5 Bxe5 55. a5 Bd4 56. Kg3 h4+ 57. Kh2 Ba7 58. a6 Kf5
59. Kg2 Kf4 60. Kh2 Kf3 61. Kh1 Bb8 62. Kg1 Ba7+ 63. Kh1 Kg3 1/2-1/2

[Event "6. Torneo Distrito Chamartin 2017"]
[Site "Madrid ESP"]
[Date "2017.09.08"]
[Round "7.34"]
[White "Juzgado Niella, Angel Luis"]
[Black "Abad Martin-Camuñas, Luis"]
[Result "1-0"]
[WhiteElo "1620"]
[BlackElo "1397"]
[PlyCount "67"]
[EventDate "2017.09.04"]
[EventType "swiss"]
[EventRounds "9"]
[EventCountry "ESP"]
[SourceTitle "Ajedrez en Madrid"]
[Source "lmi"]
[SourceDate "2017.09.04"]
[SourceVersion "1"]
[SourceVersionDate "2018.03.05"]
[SourceQuality "1"]

1. b3 Nf6 2. Bb2 e6 3. e3 d6 4. Nf3 a6 5. d4 Nbd7 6. Bd3 c5 7. O-O Be7 8. c4
O-O 9. Nbd2 Rb8 10. Qc2 h6 11. Rad1 b5 12. Rfe1 Qc7 13. e4 cxd4 14. Nxd4 e5 15.
Nf5 Nc5 16. Nxe7+ Qxe7 17. h3 Bb7 18. cxb5 Nxd3 19. Qxd3 axb5 20. f3 Bc6 21.
Nf1 Rfc8 22. Ne3 g6 23. Qxd6 Qxd6 24. Rxd6 Ne8 25. Rd2 f6 26. Rc1 Bb7 27. Rcd1
Bc6 28. Nd5 Kf7 29. Nb4 Bb7 30. Rd7+ Kf8 31. Ba3 Kg8 32. Re7 Rd8 33. Rxd8 Rxd8
34. Rxb7 1-0

[Event "6. Torneo Distrito Chamartin 2017"]
[Site "Madrid ESP"]
[Date "2017.09.08"]
[Round "7.35"]
[White "Cupeiro Fernandez, Manuel"]
[Black "Tudela Garcia, Antonio"]
[Result "1/2-1/2"]
[WhiteElo "1548"]
[BlackElo "1593"]
[PlyCount "82"]
[EventDate "2017.09.04"]
[EventType "swiss"]
[EventRounds "9"]
[EventCountry "ESP"]
[SourceTitle "Ajedrez en Madrid"]
[Source "lmi"]
[SourceDate "2017.09.04"]
[SourceVersion "1"]
[SourceVersionDate "2018.03.05"]
[SourceQuality "1"]

1. e4 e5 2. Nf3 Nc6 3. d4 exd4 4. Nxd4 Qf6 5. c3 Qe5 6. f3 d5 7. Nxc6 bxc6 8.
Bd3 dxe4 9. Bxe4 Bc5 10. Nd2 Ba6 11. Nb3 Rd8 12. Qc2 Bd3 13. Bf4 Qxf4 14. Bxd3
Bb6 15. Qe2+ Kf8 16. Kd1 Nf6 17. Kc2 Nd5 18. Rae1 Ne3+ 19. Kb1 g6 20. g3 Qf6
21. f4 Kg7 22. Bc2 Nxc2 23. Qxc2 Rhe8 24. Rxe8 Rxe8 25. Rd1 Qe6 26. a3 Qc4 27.
Nd4 Bxd4 28. cxd4 Qxc2+ 29. Kxc2 Re2+ 30. Rd2 Rxd2+ 31. Kxd2 f5 32. Kd3 Kf7 33.
Kc4 Ke6 34. Kc5 Kd7 35. h4 h6 36. b4 a6 37. d5 cxd5 38. Kxd5 c6+ 39. Kc5 Kc7
40. a4 Kb7 41. Kd6 Kb6 1/2-1/2

[Event "6. Torneo Distrito Chamartin 2017"]
[Site "Madrid ESP"]
[Date "2017.09.08"]
[Round "7.36"]
[White "Enriquez Pastor, Jorge"]
[Black "Gomez Gonzalez, Jose Antonio"]
[Result "0-1"]
[WhiteElo "1472"]
[BlackElo "1692"]
[PlyCount "138"]
[EventDate "2017.09.04"]
[EventType "swiss"]
[EventRounds "9"]
[EventCountry "ESP"]
[SourceTitle "Ajedrez en Madrid"]
[Source "lmi"]
[SourceDate "2017.09.04"]
[SourceVersion "1"]
[SourceVersionDate "2018.03.05"]
[SourceQuality "1"]

1. e4 e5 2. Nf3 Nc6 3. Bb5 a6 4. Ba4 Nf6 5. O-O b5 6. Bb3 Be7 7. Re1 d6 8. c3
Na5 9. Bc2 O-O 10. d4 exd4 11. cxd4 Bb7 12. d5 Nc4 13. b3 Ne5 14. Nxe5 dxe5 15.
Nd2 Bc5 16. h3 c6 17. Bb2 cxd5 18. Bxe5 Qb6 19. Bg3 dxe4 20. Nxe4 Rad8 21.
Nxf6+ Qxf6 22. Qh5 Bxf2+ 23. Bxf2 g6 24. Qh4 Qc3 25. Rac1 Qb2 26. Be4 Bxe4 27.
Qxe4 Rd2 28. Qf3 Qxa2 29. Ra1 Qc2 30. Rxa6 Rd3 31. Re3 Rd1+ 32. Kh2 Rf1 33. Re2
Qd1 34. Ra7 h5 35. h4 Rh1+ 36. Kg3 f5 37. Ra8 Qd6+ 38. Qf4 Qxf4+ 39. Kxf4 Rxa8
40. Re6 Kf7 41. Rb6 Re8 42. Rxb5 Re4+ 43. Kf3 Rd1 44. Rb7+ Ke6 45. g3 Rd3+ 46.
Kg2 Rg4 47. Kf1 Rgxg3 48. Bxg3 Rxg3 49. Rb4 Rg4 50. Rb6+ Kf7 51. b4 Rxh4 52. b5
Rb4 53. Rb7+ Kf6 54. Rb8 Kg5 55. b6 h4 56. Kg2 Kf4 57. b7 g5 58. Kf2 Rb2+ 59.
Kf1 h3 60. Rh8 Rxb7 61. Rxh3 Rb1+ 62. Ke2 Rb2+ 63. Kf1 g4 64. Rc3 Kg5 65. Kg1
f4 66. Rc5+ Kh4 67. Rf5 Kg3 68. Kf1 f3 69. Rg5 Rb1# 0-1

[Event "6. Torneo Distrito Chamartin 2017"]
[Site "Madrid ESP"]
[Date "2017.09.08"]
[Round "7.37"]
[White "Ferrando Marti, Roberto"]
[Black "Lopez Garcia, Rafael"]
[Result "1-0"]
[WhiteElo "1552"]
[BlackElo "1392"]
[PlyCount "85"]
[EventDate "2017.09.04"]
[EventType "swiss"]
[EventRounds "9"]
[EventCountry "ESP"]
[SourceTitle "Ajedrez en Madrid"]
[Source "lmi"]
[SourceDate "2017.09.04"]
[SourceVersion "1"]
[SourceVersionDate "2018.03.05"]
[SourceQuality "1"]

1. e4 c5 2. Nc3 Nc6 3. g3 e5 4. Bg2 Nf6 5. d3 g6 6. Nge2 Bg7 7. O-O O-O 8. Bd2
d6 9. f4 Bg4 10. h3 Bd7 11. f5 Qc8 12. g4 h6 13. Qc1 Kh7 14. Nd5 Nxd5 15. exd5
gxf5 16. dxc6 bxc6 17. gxf5 Bxf5 18. Rxf5 d5 19. Rh5 Qe6 20. Qf1 f5 21. b4 Qg6
22. Rh4 Rf6 23. bxc5 Raf8 24. d4 R6f7 25. dxe5 Qe6 26. Re1 Qe7 27. Qf4 Bxe5 28.
Qxh6+ Kg8 29. Qg5+ Qxg5 30. Bxg5 f4 31. Bf3 Rg7 32. Rg4 Kh7 33. Kh1 Rb7 34.
Nxf4 Bd4 35. Rh4+ Kg8 36. Ne6 Rxf3 37. Nxd4 Rff7 38. Re8+ Kg7 39. Re1 Kg6 40.
Rg1 Rfd7 41. Bd8+ Kf7 42. Rf4+ Ke8 43. Rg8# 1-0

[Event "6. Torneo Distrito Chamartin 2017"]
[Site "Madrid ESP"]
[Date "2017.09.08"]
[Round "7.38"]
[White "Isabel Huertas, Pedro"]
[Black "Martinez Martinez, Antonio"]
[Result "0-1"]
[WhiteElo "1073"]
[BlackElo "1525"]
[PlyCount "51"]
[EventDate "2017.09.04"]
[EventType "swiss"]
[EventRounds "9"]
[EventCountry "ESP"]
[SourceTitle "Ajedrez en Madrid"]
[Source "lmi"]
[SourceDate "2017.09.04"]
[SourceVersion "1"]
[SourceVersionDate "2018.03.05"]
[SourceQuality "1"]

1. e4 g6 2. Nf3 d6 3. Bc4 Bg7 4. O-O Nf6 5. Re1 c6 6. Nc3 Bg4 7. d4 O-O 8. Bf4
Nh5 9. Bg5 h6 10. Bc1 Bxf3 11. Qxf3 e6 12. d5 Kh7 13. Qh3 b5 14. Be2 b4 15. Nd1
exd5 16. Bxh5 gxh5 17. Qxh5 Qe7 18. Qf5+ Kh8 19. Re3 d4 20. Rh3 Qe6 21. Qf3 f5
22. g3 fxe4 23. Qe2 Qxh3 24. Qxe4 Qf5 25. Qh4 Qf6 26. Qxd4 0-1

[Event "6. Torneo Distrito Chamartin 2017"]
[Site "Madrid ESP"]
[Date "2017.09.08"]
[Round "7.39"]
[White "Pareja Cerrato, Antonio"]
[Black "Bermudez Valles, Juan Alejandro"]
[Result "1-0"]
[WhiteElo "1525"]
[BlackElo "1373"]
[PlyCount "34"]
[EventDate "2017.09.04"]
[EventType "swiss"]
[EventRounds "9"]
[EventCountry "ESP"]
[SourceTitle "Ajedrez en Madrid"]
[Source "lmi"]
[SourceDate "2017.09.04"]
[SourceVersion "1"]
[SourceVersionDate "2018.03.05"]
[SourceQuality "1"]

1. e4 e5 2. Nf3 Nc6 3. Bc4 h6 4. Nc3 d6 5. h3 Nf6 6. a3 Be7 7. d3 O-O 8. Be3 b6
9. Nd5 Bb7 10. Nxf6+ Bxf6 11. Bd5 Qd7 12. Qd2 Rab8 13. Nh2 g5 14. Ng4 Bg7 15.
Bxg5 Kh7 16. Bxh6 Rg8 17. Bxg7 Kxg7 1-0

[Event "6. Torneo Distrito Chamartin 2017"]
[Site "Madrid ESP"]
[Date "2017.09.08"]
[Round "7.41"]
[White "Perdiguero Herreros, Alejandro"]
[Black "Gallego Romero, Manuel"]
[Result "1-0"]
[WhiteElo "1265"]
[BlackElo "1475"]
[PlyCount "107"]
[EventDate "2017.09.04"]
[EventType "swiss"]
[EventRounds "9"]
[EventCountry "ESP"]
[SourceTitle "Ajedrez en Madrid"]
[Source "lmi"]
[SourceDate "2017.09.04"]
[SourceVersion "1"]
[SourceVersionDate "2018.03.05"]
[SourceQuality "1"]

1. e4 e5 2. Nf3 Nc6 3. Bb5 a6 4. Ba4 b5 5. Bb3 d6 6. a3 h6 7. c3 Nf6 8. d3 Be7
9. O-O O-O 10. Re1 Na5 11. Ba2 c5 12. Nbd2 Nc6 13. Nf1 Bg4 14. h3 Bd7 15. Ng3
Nh7 16. Be3 Bg5 17. d4 Bxe3 18. fxe3 c4 19. b3 Na5 20. bxc4 Nxc4 21. Qe2 Rc8
22. Bxc4 Rxc4 23. dxe5 Be6 24. exd6 Qxd6 25. e5 Qb6 26. Qb2 Rfc8 27. Nd4 Rxc3
28. Ne4 R3c7 29. Nd6 Rf8 30. a4 Rc5 31. axb5 Rxe5 32. Rxa6 Qc5 33. Rc6 Qd5 34.
Re2 Rg5 35. Qd2 Bxh3 36. e4 Qe5 37. Nf3 Qa1+ 38. Rc1 Qa7+ 39. Kf1 Bg4 40. Qe3
Qxe3 41. Rxe3 Rh5 42. Kf2 Nf6 43. b6 Bd7 44. b7 Ng4+ 45. Ke2 Nxe3 46. Nd4 Nxg2
47. Nc8 Nf4+ 48. Kf3 Nd3 49. b8=Q Nxc1 50. Ne7+ Kh7 51. Qxf8 Rh3+ 52. Kg2 h5
53. Nf3 f6 54. Qg8+ 1-0

[Event "6. Torneo Distrito Chamartin 2017"]
[Site "Madrid ESP"]
[Date "2017.09.08"]
[Round "7.44"]
[White "Martin Rodriguez, Jose Luis"]
[Black "Gijon Molina, Carlos"]
[Result "1-0"]
[WhiteElo "1308"]
[BlackElo "1189"]
[PlyCount "45"]
[EventDate "2017.09.04"]
[EventType "swiss"]
[EventRounds "9"]
[EventCountry "ESP"]
[SourceTitle "Ajedrez en Madrid"]
[Source "lmi"]
[SourceDate "2017.09.04"]
[SourceVersion "1"]
[SourceVersionDate "2018.03.05"]
[SourceQuality "1"]

1. c4 e5 2. Nc3 Nf6 3. Nf3 Nc6 4. g3 b6 5. Bg2 d6 6. Nxe5 d5 7. Nxc6 Qd6 8.
cxd5 Bb7 9. Nb5 Qd7 10. Nc3 Bc5 11. d4 Bxc6 12. dxc5 Bb7 13. c6 Bxc6 14. dxc6
Qf5 15. Qd3 Qa5 16. Qe3+ Kf8 17. O-O g5 18. Qxg5 Qa6 19. Qxf6 Rg8 20. Bh6+ Ke8
21. Qe5+ Kd8 22. Rad1+ Kc8 23. Rd7 1-0

[Event "6. Torneo Distrito Chamartin 2017"]
[Site "Madrid ESP"]
[Date "2017.09.09"]
[Round "8.1"]
[White "Sanchez Jerez, Emilio Miguel"]
[Black "Alvarez Serrano, Carlos"]
[Result "1-0"]
[WhiteElo "2155"]
[BlackElo "2212"]
[PlyCount "79"]
[EventDate "2017.09.04"]
[EventType "swiss"]
[EventRounds "9"]
[EventCountry "ESP"]
[SourceTitle "Ajedrez en Madrid"]
[Source "lmi"]
[SourceDate "2017.09.04"]
[SourceVersion "1"]
[SourceVersionDate "2018.03.05"]
[SourceQuality "1"]

1. e4 c5 2. Nf3 d6 3. d4 Nf6 4. Nc3 cxd4 5. Nxd4 a6 6. h3 e6 7. g4 Nfd7 8. Be3
b5 9. f4 b4 10. Nce2 Bb7 11. Bg2 Nc5 12. Ng3 Nc6 13. Nxc6 Bxc6 14. Qd4 Qc7 15.
O-O Qb7 16. Rae1 O-O-O 17. a3 d5 18. exd5 Bxd5 19. Rd1 Na4 20. Bxd5 Rxd5 21.
Qc4+ Kb8 22. Rxd5 exd5 23. Qd4 f6 24. axb4 Bxb4 25. Nf5 Re8 26. c3 Re4 27. Qd1
g6 28. cxb4 Nxb2 29. Qc2 gxf5 30. Qxb2 Rxe3 31. Qxf6 Rxh3 32. Rc1 Ka7 33. Qd4+
Ka8 34. Qh8+ Ka7 35. Qd4+ Ka8 36. Re1 Qf7 37. Qb6 Qg6 38. Qd8+ Kb7 39. Re7+ Kc6
40. Qd7+ 1-0

[Event "6. Torneo Distrito Chamartin 2017"]
[Site "Madrid ESP"]
[Date "2017.09.09"]
[Round "8.2"]
[White "Martin Duque, Jesus"]
[Black "Alfaya Marcelo, Roberto"]
[Result "1/2-1/2"]
[WhiteElo "2387"]
[BlackElo "2126"]
[PlyCount "119"]
[EventDate "2017.09.04"]
[EventType "swiss"]
[EventRounds "9"]
[EventCountry "ESP"]
[SourceTitle "Ajedrez en Madrid"]
[Source "lmi"]
[SourceDate "2017.09.04"]
[SourceVersion "1"]
[SourceVersionDate "2018.03.05"]
[SourceQuality "1"]

1. e4 c5 2. Nf3 d6 3. d4 cxd4 4. Nxd4 Nf6 5. Nc3 g6 6. g3 Bg7 7. Bg2 O-O 8. O-O
Nc6 9. Nde2 Be6 10. h3 Qa5 11. Nf4 Bc4 12. Re1 Rfc8 13. Bd2 Qd8 14. Rb1 b5 15.
b3 b4 16. bxc4 bxc3 17. Bxc3 Nd7 18. Bxg7 Kxg7 19. Nd5 Nce5 20. f4 Nxc4 21. Rb7
e6 22. Qa1+ e5 23. Rf1 Rab8 24. Rxa7 Rb2 25. Qc1 Rb5 26. Kh2 Ra5 27. Rb7 Rb8
28. Rxb8 Qxb8 29. fxe5 Ncxe5 30. Qg5 Rxa2 31. Ne3 Qa7 32. Rf2 f6 33. Qf4 Qc5
34. g4 Nf7 35. Rd2 Qe5 36. Qxe5 fxe5 37. Nc4 Ra6 38. Bf1 Nc5 39. Bg2 Ne6 40.
Kg3 Rc6 41. Ne3 Rc3 42. Kf2 Nd4 43. h4 h6 44. Bf1 Ra3 45. Bd3 Ra1 46. c3 Ne6
47. Bc4 Nc5 48. Bd5 Rh1 49. Kg3 Re1 50. Kf2 Rh1 51. Rd1 Rxd1 52. Nxd1 Nd8 53.
Ne3 Kf6 54. Kf3 Nde6 55. Bxe6 Kxe6 56. h5 gxh5 57. gxh5 Nd7 58. Nd5 Nf6 59.
Nxf6 Kxf6 60. Kg4 1/2-1/2

[Event "6. Torneo Distrito Chamartin 2017"]
[Site "Madrid ESP"]
[Date "2017.09.09"]
[Round "8.3"]
[White "Roa Alonso, Santiago"]
[Black "Quispe Arteaga, Gabriel"]
[Result "1/2-1/2"]
[WhiteElo "2356"]
[BlackElo "2197"]
[PlyCount "41"]
[EventDate "2017.09.04"]
[EventType "swiss"]
[EventRounds "9"]
[EventCountry "ESP"]
[SourceTitle "Ajedrez en Madrid"]
[Source "lmi"]
[SourceDate "2017.09.04"]
[SourceVersion "1"]
[SourceVersionDate "2018.03.05"]
[SourceQuality "1"]

1. e4 c5 2. Nf3 Nc6 3. d4 cxd4 4. Nxd4 Nf6 5. Nc3 e6 6. Ndb5 Bb4 7. a3 Bxc3+ 8.
Nxc3 d5 9. exd5 exd5 10. Bd3 O-O 11. O-O d4 12. Ne2 Bg4 13. Qd2 Bxe2 14. Qxe2
Qd5 15. Bf4 Rfe8 16. Qd2 Ne4 17. Bxe4 Rxe4 18. Rae1 Rae8 19. f3 R4e6 20. Rxe6
Rxe6 21. Re1 1/2-1/2

[Event "6. Torneo Distrito Chamartin 2017"]
[Site "Madrid ESP"]
[Date "2017.09.09"]
[Round "8.4"]
[White "Fernandez Alvarez, Luis"]
[Black "Moreno Ibañez, Miguel"]
[Result "1/2-1/2"]
[WhiteElo "2088"]
[BlackElo "2289"]
[PlyCount "69"]
[EventDate "2017.09.04"]
[EventType "swiss"]
[EventRounds "9"]
[EventCountry "ESP"]
[SourceTitle "Ajedrez en Madrid"]
[Source "lmi"]
[SourceDate "2017.09.04"]
[SourceVersion "1"]
[SourceVersionDate "2018.03.05"]
[SourceQuality "1"]

1. e4 g6 2. d4 d6 3. Bc4 Bg7 4. Nf3 e6 5. O-O Ne7 6. Re1 O-O 7. c3 b6 8. Qe2
Bb7 9. Bg5 h6 10. Bh4 Nd7 11. Nbd2 Re8 12. Bg3 Nf8 13. e5 Nf5 14. Rad1 g5 15.
h3 Ng6 16. Bd3 Qd7 17. Bh2 Rad8 18. Ne4 Bxe4 19. Bxe4 d5 20. Bd3 a5 21. Nd2 Rb8
22. Rf1 Qe7 23. f4 gxf4 24. Bxf4 c5 25. Bxf5 exf5 26. Qh5 cxd4 27. cxd4 Nxf4
28. Rxf4 f6 29. Nf3 fxe5 30. dxe5 Rbd8 31. Qxf5 Rf8 32. Qg4 Rxf4 33. Qxf4 Qc5+
34. Kh1 d4 35. Qe4 1/2-1/2